000 00705nam a2200229 a 4500
005 20140310183145.0
008 020823s19uu xx 00 eng d
020 _a1900131897
050 _aND 137
_b.C37 2000
100 _aGomm, Sarah Carr.
245 _aDictionary of symbols in art /
_cSarah Carr Gomm.
260 _aLondon :
_bDuncan baird Pub,
_c2000.
300 _a240 p. :
_bill. col. ;
_c24 cm.
521 _aMA
650 _aPainting medieval
_xdictionaries
650 _aPainting, modern
_xdictionaries
650 _aSculpture, medieval
_xdictionaries
650 _aSculpture, modern
_xdictionaries
650 _aSymbolism in art
_xdictionaries
942 _cBK
_2lcc
_kFOR
999 _c19499
_d19499